Tribhuvan University Central Library

Cultural anthropology: (Record no. 60787)

MARC details
000 -LEADER
fixed length control field 00435 a2200169 4500
082 ## - DEWEY DECIMAL CLASSIFICATION NUMBER
Classification number 572
Item number K258c
100 ## - MAIN ENTRY--PERSONAL NAME
Personal name keesing, Felix M.
9 (RLIN) 22772
245 ## - TITLE STATEMENT
Title Cultural anthropology:
Remainder of title the science of custom
260 ## - PUBLICATION, DISTRIBUTION, ETC.
Place of publication, distribution, etc. New York
Name of publisher, distributor, etc. Holt
Date of publication, distribution, etc. 1958
300 ## - PHYSICAL DESCRIPTION
Extent xxv,477p.
504 ## - BIBLIOGRAPHY, ETC. NOTE
Bibliography, etc. note P.433-456
650 ## - SUBJECT ADDED ENTRY--TOPICAL TERM
Topical term or geographic name entry element Ethnology
9 (RLIN) 1554
650 ## - SUBJECT ADDED ENTRY--TOPICAL TERM
Topical term or geographic name entry element Anthropology
650 ## - SUBJECT ADDED ENTRY--TOPICAL TERM
Topical term or geographic name entry element Cultural anthropology
9 (RLIN) 22773
653 ## - INDEX TERM--UNCONTROLLED
Uncontrolled term Biochemistry
942 ## - ADDED ENTRY ELEMENTS (KOHA)
Source of classification or shelving scheme Dewey Decimal Classification
Koha item type General Collections
Holdings
Withdrawn status Lost status Source of classification or shelving scheme Damaged status Not for loan Home library Current library Date acquired Total Checkouts Full call number Barcode Date last seen Price effective from Koha item type
    Dewey Decimal Classification     Tribhuvan University Central Library Tribhuvan University Central Library 07/03/2011   572 K258c G43345 07/03/2011 07/03/2011 General Collections